000 00712nam a2200241Ia 4500
008
020 _a052136812X (pbk.)
049 _aMAIN
090 _aQC411
100 1 _aHernandez, G.
245 1 0 _aFabry-Perot interferometers /
_cG. Hernandez.
260 _aCambridge :
_bCambridge University Press,
_c1986.
300 _axvi, 343 p. :
_bill. ;
_c25 cm.
440 0 _aCambridge studies in modern optics ;
_v3
504 _aIncludes bibliographical references.
500 _aIncludes indexes.
650 0 _aInterferometers.
907 _a.b10042519
_b05-09-05
_c17-04-03
003
005 20230123133210.0
040 _cNUST
942 _cBOOKS
_kQC411
999 _c144449
_d144449